00480nam a2200193 a 4500001001300000003000900013005001700022008004100039020001000080082001300090100002700103245003200130260003000162300000900192500003500201505001300236650001000249700002700259nice12345678IN_TiNIC20260116012010.0050524s1905 luca grp 000 0 urd  ac10000a160bKHA aKhan S M, Raza Hussain aAl-Kalam-Al-Falsafate-Islam aLucknowbNami Pressc1905 a160p aincludes index and biblioraphy2 a8 tracts aLogic1 aKhan S M, Raza Hussain